000 00675nam a2200217 a 4500
999 _c2848
_d2848
001 2848
003 BD-JhCC
005 20171107162936.0
008 171107s1964 bg |||| ||a| 00| 0 en d
035 _a(BD-JhCC)2848
040 _aBD-JhCC
_dBD-JhCC
041 _aben
082 _a891.443
_bALI 1964
100 _aআলী, সৈয়দ মুজতবা
245 _aটুনি মেম /
_cসৈয়দ মুজতবা আলী
260 _aঢাকা :
_bষ্টান্ডার্ড পাবলিশার্স লিমিটেড,
_c1964.
300 _a345 p. :
_c20 cm.
650 _aBengali Novel
942 _2ddc
_cBK